A commentary on Loureiro's Flora cochinchinensis. Introduction : [and] Systematic enumeration /

Carbon copy of introduction in one vol. (ff. [2], 42, 2, 7) and 4 v. of typescript notebooks with mss. notes on Loureiro's "Flora Cochinchinensis."

Saved in:
Bibliographic Details
Main Author: Merrill, Elmer D. 1876-1956.
Other Authors: Loureiro, Juan de, 1715-1796.
Format: Manuscript
Language:Latin
Subjects:
Tags: Add Tag
No Tags, Be the first to tag this record!
LEADER 01003ntmaa2200205Ku 4500
001 007701948-2
005 20090417005024.0
008 980210q19101921xx 000|0 lat d
035 0 |a ocn175307354 
100 1 |a Merrill, Elmer D.  |q (Elmer Drew),  |d 1876-1956. 
245 1 0 |a A commentary on Loureiro's Flora cochinchinensis. Introduction :  |b [and] Systematic enumeration /  |c by E. D. Merrill.  |f 1910-1921 (inclusive). 
300 |a 5 v. ;  |c 27 cm., 15 x 22 cm. 
520 |a Carbon copy of introduction in one vol. (ff. [2], 42, 2, 7) and 4 v. of typescript notebooks with mss. notes on Loureiro's "Flora Cochinchinensis." 
600 1 0 |a Merrill, Elmer D.  |q (Elmer Drew),  |d 1876-1956. 
650 0 |a Plants  |z Vietnam, Southern. 
700 1 |a Merrill, Elmer D.  |q (Elmer Drew),  |d 1876-1956.  |t Systematic enumeration. 
700 1 |a Merrill, Elmer D.  |q (Elmer Drew),  |d 1876-1956.  |t Commentary on Loureiro's "Flora Cochinchinensis." 
700 1 |a Loureiro, Juan de,  |d 1715-1796.  |t Flora cochinchinensis. 
988 |a 20020608 
906 |0 MH